UITU Library & LRC     

Presentation Skills: every managers desk reference services III (Record no. 7837)

MARC details
000 -LEADER
fixed length control field 00461nam a2200181Ia 4500
008 - FIXED-LENGTH DATA ELEMENTS--GENERAL INFORMATION
fixed length control field 240925s9999 xx 000 0 und d
020 ## - INTERNATIONAL STANDARD BOOK NUMBER
International Standard Book Number 8176357022
082 ## - DEWEY DECIMAL CLASSIFICATION NUMBER
Classification number 658.45 ALP
100 ## - MAIN ENTRY--PERSONAL NAME
Personal name Alpha - -
245 #0 - TITLE STATEMENT
Title Presentation Skills: every managers desk reference services III
250 ## - EDITION STATEMENT
Edition statement NA
260 ## - PUBLICATION, DISTRIBUTION, ETC.
Place of publication, distribution, etc. New Delhi:
Name of publisher, distributor, etc. Techmedia
Date of publication, distribution, etc. ,2003.
300 ## - PHYSICAL DESCRIPTION
Extent x,514p.
Other physical details NA
Type of unit Original
500 ## - GENERAL NOTE
General note NA
600 ## - SUBJECT ADDED ENTRY--PERSONAL NAME
Personal name Management
650 ## - SUBJECT ADDED ENTRY--TOPICAL TERM
Topical term or geographic name entry element Management
942 ## - ADDED ENTRY ELEMENTS (KOHA)
Koha item type Books
Holdings
Withdrawn status Lost status Damaged status Not for loan Collection Home library Current library Date acquired Source of acquisition Cost, normal purchase price Total checkouts Full call number Barcode Date last seen Date last checked out Price effective from Koha item type
        Managament Sciences UITU Library UITU Library 07/17/2014 NA 266.75 1 658.45 ALP Q5338 01/02/2026 12/29/2025 09/25/2024 Books

Powered by Koha